| 000 | 01002nam a22002655a 4500 | ||
|---|---|---|---|
| 999 |
_c27430 _d27401 |
||
| 003 | EG-ScBUE | ||
| 005 | 20190505104857.0 | ||
| 008 | 190505s2018 ua fr 000 f ara d | ||
| 017 | _a2014 / 9906 | ||
| 020 | _a9789774902840 | ||
| 040 |
_aEG-ScBUE _bara _cEG-ScBUE _dEG-ScBUE |
||
| 082 | 0 | 4 |
_a892.736 _bز ي ا _222 |
| 100 | 1 | _aزيادة، حمور. | |
| 245 | 1 | 0 |
_aشوق الدرويش : _bرواية / _cحمور زيادة. |
| 250 | _aط. 18. | ||
| 260 |
_aالقاهرة : _bدار العين للنشر، _c2018. |
||
| 300 |
_a460 ص. ؛ _c20 سم. |
||
| 500 | _a"الرواية فائزة بجائزة نجيب محفوظ للأدب لعام 2014" -- ص. غ. | ||
| 500 | _a"القائمة القصيرة لجائزة البوكر العربية 2015" -- ص. غ. | ||
| 500 | _a"الجائزة العالمية للرواية العربية" -- ص. غ. | ||
| 650 | 7 |
_aالقصص العربية _yقرن 21. _2BUEsh |
|
| 651 | _2BUEsh | ||
| 653 |
_bARALIT _bGGEN _cMay2019 |
||
| 942 | _2ddc | ||